| 000 | 00664nam a2200229 a 4500 | ||
|---|---|---|---|
| 999 |
_c5864 _d5864 |
||
| 001 | 5864 | ||
| 003 | BD-JhCC | ||
| 005 | 20180102171624.0 | ||
| 008 | 171228s1999 b |||| ||| 000 0 eng d | ||
| 020 | _a9840741993 | ||
| 035 | _a(BD-JhCC)5864 | ||
| 040 |
_aBD-JhCC _dBD-JhCC |
||
| 041 | _aeng | ||
| 082 |
_a491.44521 _bTHO 1999 |
||
| 100 | _aThompson,Hanne-Ruth | ||
| 245 |
_aEssential Everyday Bengali : _ba grammar and glossary of Colloquial Bengali with examples throughout / _cHanne-Ruth Thompson, |
||
| 260 |
_aDhaka : _bBangla Academy, _c2001. |
||
| 300 |
_a350 p. ; _c16cm. |
||
| 650 |
_aBengali Language _xGrammar |
||
| 942 |
_2ddc _cREF |
||